Southville International School and Colleges
Your cart is empty.
  • Cart
  • Lists
    Public lists Eva Luna New books Lux_list list_1
    Your lists Log in to create your own lists
  • Log in to your account
  • Your cookies
  • Search history
Southville International School and Colleges
  • Advanced search
  • Recent comments
  • Most popular
  • Libraries

Log in to your account

Log in with GOOGLE


If you do not have an external account, but do have a local account, you can still log in:

  1. Home
  2. MARC view: Plants and seeds /
Normal view MARC view ISBD view

Plants and seeds / (Record no. 291995)

[ view plain ]
MARC details
000 -LEADER
fixed length control field 00612nam a2200241Ia 4500
008 - FIXED-LENGTH DATA ELEMENTS--GENERAL INFORMATION
fixed length control field 160319s9999 xx 000 0 und d
020 ## - INTERNATIONAL STANDARD BOOK NUMBER
International Standard Book Number 983187076x
050 ## - LIBRARY OF CONGRESS CALL NUMBER
Classification number 500
050 ## - LIBRARY OF CONGRESS CALL NUMBER
Item number N273ps 2003
100 ## - MAIN ENTRY--PERSONAL NAME
Personal name Natarajan, Cindy.
245 ## - TITLE STATEMENT
Title Plants and seeds /
245 ## - TITLE STATEMENT
Statement of responsibility, etc Cindy Natarajan.
260 ## - PUBLICATION, DISTRIBUTION, ETC. (IMPRINT)
Place of publication, distribution, etc Penang :
260 ## - PUBLICATION, DISTRIBUTION, ETC. (IMPRINT)
Name of publisher, distributor, etc Rhythm Distributor Sdn.Bhd.
260 ## - PUBLICATION, DISTRIBUTION, ETC. (IMPRINT)
Date of publication, distribution, etc 2003
300 ## - PHYSICAL DESCRIPTION
Extent 23 pages :
300 ## - PHYSICAL DESCRIPTION
Other physical details color illustrations :
300 ## - PHYSICAL DESCRIPTION
Dimensions 26 cm.
440 ## - SERIES STATEMENT/ADDED ENTRY--TITLE
Title Junior science explorer.
650 ## - SUBJECT ADDED ENTRY--TOPICAL TERM
Topical term or geographic name as entry element Plant anatomy.
650 ## - SUBJECT ADDED ENTRY--TOPICAL TERM
Topical term or geographic name as entry element Plants Reproduction.
650 ## - SUBJECT ADDED ENTRY--TOPICAL TERM
General subdivision Juvenile literature.
Holdings
Withdrawn status Lost status Damaged status Home library Current library Shelving location Date acquired Total Checkouts Full call number Barcode Date last seen Price effective from Koha item type
      Stonyhurst Southville International School (Batangas) Stonyhurst Southville International School (Batangas) Grade School Section 03/19/2016   500 .N273ps 2003 LS- 3015 03/19/2016 03/19/2016 Books

Plants and seeds /

APA

Natarajan C., .Plants and seeds. Penang: .

Chicago

Natarajan Cindy, .Plants and seeds. Penang: .

Harvard

Natarajan C., .Plants and seeds. Penang: .

MLA

Natarajan Cindy, .Penang: . .

  • Place hold
  • Print
  • Cite
  • Add to your cart (remove)
  • Save record
    BIBTEX Dublin Core MARCXML MARC (non-Unicode/MARC-8) MARC (Unicode/UTF-8) MARC (Unicode/UTF-8, Standard) MODS (XML) RIS
  • More searches
    Search for this title in:
    Other Libraries (WorldCat) Other Databases (Google Scholar) Online Stores (Bookfinder.com) Open Library (openlibrary.org)

Exporting to Dublin Core...

SOUTHVILLE LIBRARY

Southville International School and Colleges Library

1281 Tropical Ave. Cor. Luxembourg St., BF Homes International, Las Pinas City

Tel. No. 8256374 / 252358 Loc. 117/146

Powered by Koha